Quizzes
Events
Quiz Creation
Community
Videos
Private Events
Remove Ads
Sign In
Join for FREE
Feedback
Dark Mode
Quiz Categories
Sports
Geography
Music
Movies
Television
Just For Fun
Miscellaneous
History
Literature
Language
Science
Gaming
Entertainment
Religion
Holiday
For Kids
Quiz Lab
Recent
Popular Today
Quiz Kudos Today
Editor Picks
Curator Picks
Quizzes by...
Day
Popularity
Type
Ratings
Length
Year
Community
Subscriptions
Recent Discussions
Orange Saloon
Badges
Playlists
Quests
Create
Leaderboards
Showdown
Live 5
Trivia Bingo
Activity
Puzzle Library
Sporcle Events
Private Events
Virtual Trivia
Globe League
Become a Host
Pub Owners
SporcleCon
Opinionation
Our Games
Videos
Blog
Mobile Apps
Partnerships
Remove Ads and Go Orange
Feedback
Movies
Disney
Marvel Cinematic Universe
Movie Resume
Movie Titles
Oscar
Actor
Actress
Director
Pixar
Role
Movie Quotes
Movie Characters
Box Office
Nominee
Best Picture
Star Wars
James Bond
Horror Movies
Movies
Disney
Marvel Cinematic Universe
Movie Resume
Movie Titles
Oscar
Actor
Actress
Director
Pixar
Role
Movie Quotes
Movie Characters
Box Office
Nominee
Best Picture
Star Wars
James Bond
Horror Movies
Random Quiz
Search Sporcle
×
Quiz Lab
Quiz Lab
Movies
kirsten
Type in answers that appear in a list
Type in answers that appear in a list
Classic
Best Score? Go Orange.
Kristen Bell Films Stats
Can you name the Kristen Bell Films
By
Eziecar97
8m
27 Questions
50 Plays
50 Plays
50 Plays
Comments
Comments
Give Quiz Kudos
Give Quiz Kudos
-
- Ratings
hide this ad
Replay
Link that replays current quiz
Next Quiz
Link to next quiz in quiz playlist
You Got
0%
They Got
Avg Score
30%
Avg Friend Score
Upgrade to see
Score Distribution
Jump to the score distribution portion of the page
Score
0/27
Timer
08:00
0
Plays Today
Hint
Answer
% Correct
She voiced Anna in 2013 with Idina Menzel and Jonathan Groff
Frozen
86%
She played Sarah Marshall with Jason Segel and Russell Brand
Forgetting Sarah Marshall
80%
She played Sarah Marshall in 2010 with Russell Brand and Jonah Hill
Get Him to the Greek
54%
She played Marni in 2010 with Jamie Lee Curtis and Sigourney Weaver
You Again
54%
She played Nikki in 2010 with Cher and Christina Aguilera
Burlesque
52%
She played Beth in 2010 with Anjelica Huston and Danny DeVito
When in Rome
50%
She played Cynthia in 2009 with Vince Vaughn and Jason Bateman
Couples Retreat
48%
She played Chloe in 2011 with Courtney Cox and Emma Roberts
Scream 4
44%
She played Leigh in 2013 with Mamie Gummer and Martin Starr
The Lifeguard
44%
She played the Fake Supergirl in 2013 with Hugh Jackman and Kate Winslet
Movie 43
36%
She played the Record Executive's Daughter in 2001 with Chris Rock and Jennifer Coolidge
Pootie Tang
32%
She played Belinda in 2012 with Aubrey Plaza and Jake Johnson
Safety Not Guaranteed
30%
She played Annie Bean in 2012 with Bradley Cooper and Tom Arnold
Hit and Run
26%
She played Zoe in 2009 with Jay Baruchel and Seth Rogen
Fanboys
22%
Hint
Answer
% Correct
She played Jill Jarard in 2012 with Drew Barrymore and Ted Danson
Big Miracle
22%
She played Bobbi in 2013 with Jennifer Morrison and Emily Watson
Some Girls
22%
She played Tricia in 2012 with Greg Kinnear and Jennifer Connelly
Stuck in Love
20%
She played Mattie in 2006 with Ian Somerhalder
Pulse
18%
She played Sara in 2009 with Meg Ryan and Justin Long
Serious Moonlight
16%
She played Laura Newton in 2004 with Val Kilmer
Spartan
14%
She voiced Cora in 2009 with Charlize Theron and Freddie Highmore
Astro Boy
14%
She played Angela's Friend in 2002 with Mia Tyler
People Are Dead
10%
She played Gracie in 2006 with Diora Baird and Rachel Boston
Fifty Pills
10%
She voiced Hiromi in 2002 with Anne Hathaway and Tim Curry
The Cat Returns
8%
She played Mary Lane in 2005 with Christian and Neve Campbe
Reefer Madness: The Movie Musical
8%
She played The Girl in 2006 with Lucky McKee and Nectar Rose
Roman
8%
She played Nurse Laurie in 2005 with Lucas Black and Mia Maestro
Deepwater
6%
Quiz Playlist
Details
Report
Send in Message
Add To Playlist
Classic:
Type in answers that appear in a list
Last Updated: Feb 16, 2017
Quiz Scoreboard
CHALLENGE
Sign Up to Join the Scoreboard
Show All
Scores
Hide
Comments
May contain spoilers
Recently Published
An Introduction to Baseball
by treessimontrees
Sports
5m
Movies - When Are They Set?
by FPL_Elf
Movies
5m
Popular People in 1961
by mucciniale
History
6m
More to Explore
Quiz From the Vault
Featured Blog Post
Where Did the Easter Bunny Come From?
hide this ad
You Might Also Like...
Tags
bell
kirsten
Today's Top Quizzes in Movies
Browse Movies
hide this ad
Top Contributed Quizzes in Movies
1
Pick 5 Posters: Directed by Spielberg
2
Multi-Oscar Nominations, One Movie, One Winner
3
12 Movies about Fictional 1960s Events
4
One Thing in Common: Movies
5
Sunday Crossword: Film Score Composers
6
One Thing in Common: Movies II
7
Pick 5 Posters: Lowest-Rated Spielberg
8
Three Word 'H' Movies Match Up
9
Three Word 'T' Movies Match Up
10
7-to-1: Pixar Characters
Explore More
Trending Topics
Harry Potter
Marvel
Kpop
Disney
Crossword
Anime
NBA
Country
NFL
Soccer
Puzzle
WWE
Pokémon
Song
The Office
hide this ad
More By:
Eziecar97
Quiz
Plays
Rating
Category
Featured
Created
Coronation Street Family Members
4,563
Television
Jan 12, 2014
Emmerdale families
2,875
2.50
Television
Aug 16, 2013
Longest Serving Characters In Emmerdale
634
4.33
Television
Oct 31, 2013
Emmerdale actors
554
3.00
Television
Aug 18, 2013
Dad's Army Actors
493
5.00
Television
Nov 10, 2013
Go to Creator's Profile
Score Distribution
Quiz Creator Spotlight
Eziecar97
Follow
Send a Message
Quizzes Created
-
Created Quiz Play Count
-
More By This Creator
Popular Quizzes Today
1
Find the Countries of Europe - No Outlines Minefield
2
Find the US States - No Outlines Minefield
3
The Countries of the World
4
Popular People in 1961
5
US States
6
Find the US States
7
1-10 Letter E Words III
8
Risky Map Clicking: Biggest States A-Z
More Movies Quizzes
Billed: Bill Murray
Curator's Pick
Trending Quizzes
Risky Map Clicking: Least Populous States A-Z
1-10 Letter F Words
1-10 Letter G Words
One Thing in Common: United Kingdom
Risky Map Clicking: Next State Alphabetically
Recently Updated
Leaping Animals
pecheneg
Reality TV Shows (A-Z)
bhenderson79
Rickey Henderson's Hall of Fame Teammates
pecheneg
Champions League XIs: Arsenal
pecheneg
Quick Pick: Celebrities in WWE's Hall of Fame
aduchscher
A-Z Keypad Blitz II
pecheneg
Multiple Oscar Actors
pecheneg
Mystery Phrase Blitz: Oscar 'Best Actors'
pecheneg
F. Scott Fitzgerald Novels
LTH
Pick 3 Villains
ddd62291
Trending Topics
Disney
Marvel
Crossword
Anime
Harry Potter
Kpop
NBA
The Office
Puzzle
Soccer
Song
NFL
Country
Pokémon
WWE
Your Account Isn't Verified!
In order to create a playlist on Sporcle, you need to verify the email address you used during registration. Go to your
Sporcle Settings
to finish the process.
Report this User
Report this user for behavior that violates our
Community Guidelines
.
Details:
Send Report
Go to the Sporcle.com Mobile Site →
Comments